Muʻallim shahīd Akram ʻAsgariyān Kirmānī /

Saved in:
Bibliographic Details
Main Author: Anīsī, Farībā.
Format: Book
Language:Persian
Published: Tihrān : Ārmān-i Barās̲ā, 1393 [2014]
Edition:Nawbat-i chāp: avval.
Subjects:
Tags: Add Tag
No Tags, Be the first to tag this record!
LEADER 01164nam a2200337 a 4500
001 014440468-0
005 20160524114017.0
008 150725s2014 ir 000 0dper d
020 |a 9786009366194 
035 0 |a ocn951135121 
040 |b eng  |e rda 
100 1 |6 880-01  |a Anīsī, Farībā. 
245 1 0 |6 880-02  |a Muʻallim shahīd Akram ʻAsgariyān Kirmānī /  |c Farībā Anīsī. 
250 |6 880-03  |a Nawbat-i chāp: avval. 
264 1 |6 880-04  |a Tihrān :  |b Ārmān-i Barās̲ā,  |c 1393 [2014] 
300 |a 40 pages ;  |c 14 cm 
336 |a text  |b txt  |2 rdacontent 
337 |a unmediated  |b n  |2 rdamedia 
338 |a volume  |b nc  |2 rdacarrier 
600 1 0 |a ʻAsgariyān Kirmānī, Akram. 
650 0 |a Teachers  |x Iran  |x Biography. 
650 0 |a Women  |z Iran. 
651 0 |a Iran  |x History  |y Revolution, 1979. 
752 |a Iran  |d Tehran. 
880 1 |6 100-01  |a انیسی, فریبا. 
880 1 0 |6 245-02  |a معلم شهید اکرم عسگریان کرمانی /  |c فریبا انیسی. 
880 |6 250-03  |a نوبت چاپ: اول. 
880 1 |6 264-04  |a تهران :  |b آرمان براثا,  |c 1393 [2014] 
899 |a 415_565459 
988 |a 20150725 
906 |0 MH